| 000 | 01468nam0a22003131 4500 | ||
|---|---|---|---|
| 001 | rc\3230938 | ||
| 005 | 20250609165039.0 | ||
| 021 |
_aRU _b70-ОЭ-2244/28 |
||
| 021 |
_aRU _bРг10987-70 |
||
| 035 | _a(NLR Aleph) 007370495 | ||
| 090 |
_a6402783 _c6402783 |
||
| 100 | _a20130115d1970 |||y0rusy50 ca | ||
| 101 | 0 | _arus | |
| 102 | _aRU | ||
| 105 | _ay z ||||| | ||
| 200 | 1 |
_aВ.И. Ленин о роли коммунистической пропаганды в деятельности партии _fОбл. организация о-ва "Знание". Науч.-метод. совет по пропаганде марксистско-ленинской философии и науч. коммунизма |
|
| 210 |
_aЧита _cБ. и. _d1970 |
||
| 215 |
_a20 л. _d30 |
||
| 300 | _aПеред загл. авт.: А.Г. Ефимов, канд. ист. наук | ||
| 309 | _aОтпеч. множит. аппаратом | ||
| 532 | 1 | 0 | _aВладимир Ильич Ленин о роли коммунистической пропаганды в деятельности партии |
| 700 | 1 |
_4070 _7ca _8rus _aЕфимов _bА. Г. _cканд. ист. наук _gАнатолий Герасимович _9257827 _3RU\NLR\AUTH\770257883 |
|
| 702 | 1 |
_aЛенин _bВ.И. _f1870-1924 _gВладимир Ильич _4570 |
|
| 801 | 0 |
_aRU _bNLR _gpsbo |
|
| 801 | 1 |
_aRU _bELAR _2rusmarc |
|
| 852 |
_aNLR _j69-8/2927 |
||
| 942 | _cBOOK | ||
| 980 | _aNB | ||